[Event "GER-ch U18"]
[Site "Willingen"]
[Date "2025.06.14"]
[Round "9"]
[White "Rempe, Jonas"]
[Black "Stork, Christopher"]
[Result "0-1"]
[WhiteElo "2135"]
[BlackElo "2132"]
[PlyCount "80"]
[EventDate "2025.06.08"]
[EventType "swiss"]
[EventRounds "9"]
[EventCountry "GER"]
[SourceTitle "CB26_2025"]
[SourceDate "2025.06.25"]
[SourceVersion "1"]
[SourceVersionDate "2025.06.25"]
[SourceQuality "1"]

1. e4 c5 2. Nf3 Nc6 3. Bb5 h6 4. d3 g5 5. 0-0 Bg7 6. c3 e5 7. h3 Nge7 8. Be3 d6 9. d4 cxd4 10. cxd4 0-0 11. dxe5 Nxe5 12. Nxe5 Bxe5 13. Bd4 Be6 14. Nc3 Ng6 15. Bxe5 dxe5 16. Kh2 Qb6 17. Qc2 Rfd8 18. Rfd1 Rd4 19. Bf1 Rc8 20. b3 Qd8 21. Be2 Nf4 22. Bf3 Qf6 23. Rac1 Nd3 24. Nd5 Rxd5 25. Qxc8+ Bxc8 26. Rxc8+ Rd8 27. Rxd8+ Qxd8 28. Be2 Qa5 29. Bxd3 b5 30. Bb1 Kg7 31. f3 a6 32. Rd5 Qa3 33. b4 Qb2 34. Rd1 Kg6 35. Rd6+ f6 36. Bd3 Qxa2 37. Rd5 Qd2 38. Bxb5 Qf4+ 39. g3 Qxf3 40. Bxa6 Qf2+ 0-1

[Event "GER-ch U18"]
[Site "Willingen"]
[Date "2025.06.08"]
[Round "2"]
[White "Sieber, Bert"]
[Black "Rempe, Jonas"]
[Result "0-1"]
[WhiteElo "1996"]
[BlackElo "2135"]
[PlyCount "82"]
[EventDate "2025.06.08"]
[EventType "swiss"]
[EventRounds "9"]
[EventCountry "GER"]
[SourceTitle "CB26_2025"]
[SourceDate "2025.06.25"]
[SourceVersion "1"]
[SourceVersionDate "2025.06.25"]
[SourceQuality "1"]

1. d4 Nf6 2. c4 e6 3. Nc3 Bb4 4. e3 d5 5. cxd5 exd5 6. Bd3 0-0 7. a3 Bxc3+ 8. bxc3 c5 9. Ne2 Re8 10. 0-0 Nc6 11. Ng3 cxd4 12. cxd4 Be6 13. Rb1 Qd7 14. a4 Rec8 15. Qd2 b6 16. Ba3 Na5 17. Bb5 Qb7 18. f3 a6 19. Bd3 Nc4 20. Bxc4 Rxc4 21. a5 b5 22. Bb4 Rac8 23. Qd3 Qd7 24. Rfd1 h5 25. e4 dxe4 26. Nxe4 Nxe4 27. fxe4 Bg4 28. Rd2 Rxb4 29. Rxb4 Rc1+ 30. Kf2 Qd6 31. Qe3 Qxb4 32. h3 Qe7 33. Kg3 Bd7 34. e5 b4 35. Kh2 Rc3 36. Qe4 Qg5 37. Rd1 Bf5 38. Qa8+ Kh7 39. Qxa6 Qg3+ 40. Kg1 Rc2 41. Qb7 Qe3+ 0-1

[Event "Kolding SonFlow Cup-C"]
[Site "Kolding"]
[Date "2025.05.04"]
[Round "4"]
[White "Rempe, Jonas"]
[Black "Karlsson, Stefan2"]
[Result "0-1"]
[WhiteElo "2169"]
[BlackElo "2114"]
[PlyCount "82"]
[EventDate "2025.05.02"]
[EventType "swiss"]
[EventRounds "5"]
[EventCountry "DEN"]
[SourceTitle "CB19_2025"]
[SourceDate "2025.05.07"]
[SourceVersion "1"]
[SourceVersionDate "2025.05.07"]
[SourceQuality "1"]

1. e4 c5 2. Nf3 d6 3. d4 cxd4 4. Nxd4 Nf6 5. Nc3 Nc6 6. Bg5 e6 7. Qd2 a6 8. 0-0-0 Bd7 9. f3 Nxd4 10. Qxd4 Be7 11. h4 Qc7 12. Qd2 b5 13. Kb1 b4 14. Ne2 a5 15. c4 a4 16. Nd4 0-0 17. g4 Rfc8 18. Bd3 Qa5 19. Be3 Be8 20. h5 Nd7 21. g5 Ne5 22. g6 b3 23. h6 bxa2+ 24. Kxa2 fxg6 25. hxg7 Qxd2 26. Rxd2 Nxd3 27. Rxd3 Rxc4 28. f4 e5 29. fxe5 dxe5 30. Nf3 Rxe4 31. Bg5 Ra7 32. Bxe7 Rxe7 33. Rd8 h5 34. Rc1 Kxg7 35. Rcc8 Bf7+ 36. Kb1 Rf4 37. Ng5 Bb3 38. Kc1 e4 39. Rh8 Rf1+ 40. Kd2 e3+ 41. Ke2 Bc4+ 0-1

[Event "Heusenstamm Sparkassen op 11th"]
[Site "Heusenstamm"]
[Date "2024.11.23"]
[Round "4"]
[White "Rempe, Jonas"]
[Black "Koellner, Ruben Gideon"]
[Result "0-1"]
[WhiteElo "2182"]
[BlackElo "2484"]
[PlyCount "82"]
[EventDate "2024.11.21"]
[EventType "swiss"]
[EventRounds "7"]
[EventCountry "GER"]
[SourceTitle "CB48_2024"]
[SourceDate "2024.11.28"]
[SourceVersion "1"]
[SourceVersionDate "2024.11.28"]
[SourceQuality "1"]

1. e4 d6 2. d4 Nf6 3. Nc3 e5 4. Nf3 Nbd7 5. Bc4 Be7 6. a4 0-0 7. 0-0 exd4 8. Nxd4 Re8 9. f4 d5 10. exd5 Nb6 11. Bb3 c6 12. Be3 Ng4 13. Bf2 Bc5 14. f5 Qg5 15. Kh1 Nxf2+ 16. Rxf2 Qf6 17. Nce2 cxd5 18. Rf3 Bd7 19. Rd3 Bc6 20. c3 Nc4 21. Qc2 Nd6 22. Nf4 Qe5 23. Nde2 Ne4 24. Nh3 Qxf5 25. Rf3 Qg6 26. Raf1 Nf6 27. Qd2 Ne4 28. Qf4 Bd6 29. Qh4 Be7 30. Qf4 Bd6 31. Qh4 Nd2 32. Nef4 Nxf3 33. gxf3 Qf5 34. Rg1 Bxf4 35. Nxf4 g6 36. Rg5 Re1+ 37. Kg2 Qb1 38. Qf2 Rae8 39. h4 Qc1 40. Nd3 Qxg5+ 41. hxg5 R1e2 0-1

[Event "Heusenstamm Sparkassen op 11th"]
[Site "Heusenstamm"]
[Date "2024.11.23"]
[Round "5"]
[White "Wambach, Juergen"]
[Black "Rempe, Jonas"]
[Result "1/2-1/2"]
[WhiteElo "2015"]
[BlackElo "2182"]
[PlyCount "26"]
[EventDate "2024.11.21"]
[EventType "swiss"]
[EventRounds "7"]
[EventCountry "GER"]
[SourceTitle "CB51_2024"]
[SourceDate "2024.12.18"]
[SourceVersion "1"]
[SourceVersionDate "2024.12.18"]
[SourceQuality "1"]

1. c4 Nf6 2. g3 g6 3. Nc3 Bg7 4. Bg2 0-0 5. d4 d6 6. h3 Nbd7 7. Nf3 c6 8. e4 e5 9. 0-0 Qb6 10. c5 dxc5 11. dxe5 Ne8 12. e6 fxe6 13. Ng5 Ne5 1/2-1/2

[Event "Heusenstamm Sparkassen op 11th"]
[Site "Heusenstamm"]
[Date "2024.11.22"]
[Round "2"]
[White "Pilhoefer, Lukas"]
[Black "Rempe, Jonas"]
[Result "1/2-1/2"]
[WhiteElo "1949"]
[BlackElo "2182"]
[PlyCount "35"]
[EventDate "2024.11.21"]
[EventType "swiss"]
[EventRounds "7"]
[EventCountry "GER"]
[SourceTitle "CB51_2024"]
[SourceDate "2024.12.18"]
[SourceVersion "1"]
[SourceVersionDate "2024.12.18"]
[SourceQuality "1"]

1. d4 Nf6 2. Nf3 b6 3. c4 Bb7 4. g3 g6 5. Bg2 Bg7 6. 0-0 0-0 7. Nc3 d6 8. Qc2 Nbd7 9. e4 e5 10. d5 Nh5 11. Nh4 Nf4 12. Nf5 Nxg2 13. Nxg7 Nh4 14. Bh6 Nf3+ 15. Kg2 Nd4 16. Qd2 Kh8 17. f4 Qe7 18. f5 1/2-1/2

[Event "Heusenstamm Sparkassen op 11th"]
[Site "Heusenstamm"]
[Date "2024.11.21"]
[Round "1"]
[White "Rempe, Jonas"]
[Black "Ternes, Markus"]
[Result "1-0"]
[WhiteElo "2182"]
[BlackElo "1882"]
[PlyCount "77"]
[EventDate "2024.11.21"]
[EventType "swiss"]
[EventRounds "7"]
[EventCountry "GER"]
[SourceTitle "CB51_2024"]
[SourceDate "2024.12.18"]
[SourceVersion "1"]
[SourceVersionDate "2024.12.18"]
[SourceQuality "1"]

1. e4 e5 2. Nf3 Nc6 3. Bb5 a6 4. Ba4 Nf6 5. 0-0 b5 6. Bb3 Bc5 7. Nxe5 Nxe5 8. d4 Bxd4 9. Qxd4 d6 10. f4 Nc6 11. Qc3 Bb7 12. e5 Ne4 13. Qe3 Na5 14. Nd2 Nxb3 15. axb3 Nxd2 16. Bxd2 0-0 17. Bc3 Qh4 18. exd6 Rfe8 19. Qd4 Qg4 20. Rf2 Rad8 21. Qa7 Qc8 22. dxc7 Rd6 23. Be5 Rde6 24. Rd1 f6 25. Rd8 Rxd8 26. cxd8Q+ Qxd8 27. Qxb7 fxe5 28. fxe5 Re7 29. Qe4 Qe8 30. Qd5+ Kh8 31. e6 h6 32. Re2 Qc8 33. Qd6 Qb7 34. Rf2 Qa7 35. c4 Rc7 36. c5 Rxc5 37. Rf8+ Kh7 38. Qd3+ Rf5+ 39. Kh1 1-0

[Event "Arco op 46th"]
[Site "Arco"]
[Date "2024.10.07"]
[Round "3"]
[White "Panuganti, Kireet V"]
[Black "Rempe, Jonas"]
[Result "1/2-1/2"]
[WhiteElo "1966"]
[BlackElo "2149"]
[PlyCount "109"]
[EventDate "2024.10.05"]
[EventType "swiss"]
[EventRounds "9"]
[EventCountry "ITA"]
[SourceTitle "CB44_2024"]
[Source "Chessbase"]
[SourceDate "2024.10.30"]
[SourceVersion "1"]
[SourceVersionDate "2024.10.30"]
[SourceQuality "1"]

1. e4 e6 2. d3 c5 3. Nd2 Nc6 4. Ngf3 g6 5. g3 Bg7 6. Bg2 Nge7 7. 0-0 0-0 8. c3 d5 9. Re1 Qc7 10. Qe2 e5 11. exd5 Nxd5 12. Ne4 b6 13. h4 Bg4 14. Qc2 Rad8 15. Bg5 f6 16. Bd2 Kh8 17. Nh2 Bc8 18. Rad1 h6 19. Bc1 f5 20. Nd2 Nf6 21. a4 Ba6 22. Bf1 Ne7 23. Nhf3 Ng4 24. Nh2 Nf6 25. Nhf3 Nfd5 26. Nc4 Nc6 27. Ne3 Nxe3 28. Bxe3 f4 29. gxf4 exf4 30. Bc1 Bb7 31. Bg2 Ne7 32. Qe2 Nf5 33. h5 g5 34. Ne5 Bxg2 35. Kxg2 Kh7 36. Qe4 Rde8 37. d4 Bxe5 38. dxe5 Re6 39. Rd3 Kg7 40. b4 Nh4+ 41. Kf1 cxb4 42. cxb4 Qf7 43. Rd6 Rfe8 44. Red1 Qxh5 45. Bb2 Ng6 46. R1d3 Qg4 47. Rg3 Qh4 48. Rxe6 Rxe6 49. Rd3 Qg4 50. Rd7+ Ne7 51. Qb7 Kf7 52. Qe4 Kg7 53. Qb7 Kf7 54. Qe4 Kg7 55. Qd4 1/2-1/2

[Event "Feffernitz op-A 33rd"]
[Site "Feffernitz"]
[Date "2024.08.20"]
[Round "5"]
[White "Rempe, Jonas"]
[Black "Rechberger, Franz"]
[Result "1-0"]
[WhiteElo "2187"]
[BlackElo "2050"]
[PlyCount "57"]
[EventDate "2024.08.17"]
[EventType "swiss"]
[EventRounds "9"]
[EventCountry "AUT"]
[SourceTitle "CBM 221 Extra"]
[Source "ChessBase"]
[SourceDate "2024.09.30"]
[SourceVersion "1"]
[SourceVersionDate "2024.09.30"]
[SourceQuality "1"]

1. d4 d5 2. c4 c6 3. Nf3 Nf6 4. e3 e6 5. Nc3 Nbd7 6. Qc2 Bd6 7. Bd3 0-0 8. 0-0 Qe7 9. e4 dxc4 10. Bxc4 e5 11. Rd1 Bc7 12. a4 exd4 13. Nxd4 Re8 14. f3 Qc5 15. Nce2 Qh5 16. Nf4 Qe5 17. g3 Bb6 18. Be3 Nd5 19. Bxd5 cxd5 20. a5 Bd8 21. Nxd5 Nf6 22. Nb5 Nxd5 23. Rxd5 Qf6 24. Bg5 Qxf3 25. Nd4 Qg4 26. Rxd8 Rxd8 27. Bxd8 Qd7 28. Rd1 Qxd8 29. Nc6 1-0

[Event "Feffernitz op-A 33rd"]
[Site "Feffernitz"]
[Date "2024.08.19"]
[Round "4"]
[White "Fuochi, Tommaso"]
[Black "Rempe, Jonas"]
[Result "0-1"]
[WhiteElo "1996"]
[BlackElo "2187"]
[PlyCount "116"]
[EventDate "2024.08.17"]
[EventType "swiss"]
[EventRounds "9"]
[EventCountry "AUT"]
[SourceTitle "CBM 221 Extra"]
[Source "ChessBase"]
[SourceDate "2024.09.30"]
[SourceVersion "1"]
[SourceVersionDate "2024.09.30"]
[SourceQuality "1"]

1. d4 Nf6 2. Nf3 b6 3. e3 Bb7 4. Bd3 g6 5. c4 Bg7 6. Nc3 0-0 7. 0-0 d6 8. Rb1 Re8 9. d5 e6 10. e4 exd5 11. cxd5 c6 12. Bc2 cxd5 13. exd5 Nbd7 14. Bf4 Rc8 15. Bxd6 Rxc3 16. bxc3 Nxd5 17. Bb4 Bxc3 18. Bb3 Nf4 19. Bd6 Ne2+ 20. Kh1 Qf6 21. Bd5 Ba6 22. Bb3 Bb7 23. Bd5 Ba6 24. Bb3 Nd4 25. Nxd4 Bxf1 26. Qxf1 Bxd4 27. Bg3 Nc5 28. Qb5 Qe7 29. h3 Ne4 30. Ba4 Rd8 31. Qf1 Nd2 32. Qe1 Ne4 33. Qf1 Qg5 34. Qd3 Nc3 35. Rb4 Bxf2 36. Bf4 Rxd3 37. Bxg5 Ne2 38. Rc4 Kg7 39. Rc6 b5 40. Bc2 Rd5 41. Bf6+ Kh6 42. Bb3 Rd2 43. h4 Ng3+ 44. Kh2 Ne4 45. Be5 Kh5 46. Bf4 Rd4 47. Be5 Rd3 48. Bc2 Re3 49. Bf4 Bg3+ 50. Bxg3 Nxg3 51. Rc5+ f5 52. Rxb5 Kxh4 53. Rb4+ Kg5 54. Rb7 f4 55. Rb5+ Kh4 56. Rb4 g5 57. Rb1 Re2 58. Bxh7 f3 0-1

[Event "La Pobla de Lillet op 33rd"]
[Site "La Pobla de Lillet"]
[Date "2024.08.06"]
[Round "5"]
[White "Destic, Pablo"]
[Black "Rempe, Jonas"]
[Result "1-0"]
[WhiteElo "2001"]
[BlackElo "2187"]
[PlyCount "53"]
[EventDate "2024.08.02"]
[EventType "swiss"]
[EventRounds "9"]
[EventCountry "ESP"]
[SourceTitle "CBM 221 Extra"]
[Source "ChessBase"]
[SourceDate "2024.09.30"]
[SourceVersion "1"]
[SourceVersionDate "2024.09.30"]
[SourceQuality "1"]

1. e4 c5 2. Nf3 Nc6 3. d4 cxd4 4. Nxd4 e5 5. Nb5 d6 6. N1c3 a6 7. Na3 b5 8. Nd5 Nge7 9. c4 Nd4 10. Nxe7 Bxe7 11. Bd3 0-0 12. 0-0 Bb7 13. Be3 Bf6 14. Bxd4 exd4 15. cxb5 axb5 16. Nxb5 d5 17. e5 Bxe5 18. Qh5 Re8 19. Qxh7+ Kf8 20. Rfe1 Re6 21. Qh8+ Ke7 22. Qh5 Qb8 23. g3 Raa6 24. Qg4 Ke8 25. Nxd4 Bxd4 26. Qxd4 Rad6 27. Qxg7 1-0

[Event "St Veit op 43rd"]
[Site "St Veit"]
[Date "2024.07.09"]
[Round "5"]
[White "Wais, Michael"]
[Black "Rempe, Jonas"]
[Result "0-1"]
[WhiteElo "1911"]
[BlackElo "2161"]
[PlyCount "50"]
[EventDate "2024.07.06"]
[EventType "swiss"]
[EventRounds "9"]
[EventCountry "AUT"]
[SourceTitle "CBM 221 Extra"]
[Source "ChessBase"]
[SourceDate "2024.09.30"]
[SourceVersion "1"]
[SourceVersionDate "2024.09.30"]
[SourceQuality "1"]

1. e4 e5 2. c4 Bc5 3. Nc3 Nf6 4. g3 Nc6 5. Bg2 d6 6. h3 0-0 7. d3 Nd7 8. Nge2 Bd4 9. 0-0 Nc5 10. Nd5 f5 11. Nxd4 Nxd4 12. f4 c6 13. Nc3 Qb6 14. Kh2 Be6 15. exf5 Bxf5 16. Ne4 Nxd3 17. Qxd3 d5 18. fxe5 Bxe4 19. Rxf8+ Rxf8 20. Qe3 Nc2 21. Qxb6 axb6 22. Bxe4 dxe4 23. Rb1 e3 24. Kg1 e2 25. Bd2 Rd8 0-1

[Event "GER-ch U18"]
[Site "Willingen"]
[Date "2024.05.23"]
[Round "7"]
[White "Rempe, Jonas"]
[Black "Spriestersbach, Kai"]
[Result "0-1"]
[WhiteElo "2169"]
[BlackElo "2193"]
[PlyCount "94"]
[EventDate "2024.05.19"]
[EventType "swiss"]
[EventRounds "9"]
[EventCountry "GER"]
[SourceTitle "CBM 220 Extra"]
[Source "ChessBase"]
[SourceDate "2024.07.31"]
[SourceVersion "1"]
[SourceVersionDate "2024.07.31"]
[SourceQuality "1"]

1. e4 g6 2. h4 d5 3. exd5 Nf6 4. d4 Nxd5 5. h5 Bg7 6. hxg6 hxg6 7. Rxh8+ Bxh8 8. c3 Qd6 9. Ne2 Nc6 10. c4 Nf6 11. Nbc3 Bf5 12. Nb5 Qd7 13. Qa4 Rc8 14. Bf4 Ne4 15. f3 Nd6 16. 0-0-0 a6 17. Nxd6+ cxd6 18. g4 b5 19. Qxa6 Nb8 20. Qb6 g5 21. Bxg5 Bh7 22. Nc3 bxc4 23. Bxc4 Rxc4 24. Rh1 Qc8 25. Qb5+ Nd7 26. Rxh7 Rxc3+ 27. bxc3 Qxc3+ 28. Kb1 Bxd4 29. Qb3 Qa1+ 30. Kc2 d5 31. Qa3 Nc5 32. Bc1 Ne6 33. Bb2 Bxb2 34. Qxb2 Nd4+ 35. Kc3 Nb5+ 36. Kb3 Qd1+ 37. Kb4 Qd3 38. Rh8+ Kd7 39. Ka5 Nc7 40. a4 Qc4 41. Rb8 d4 42. Qa3 Qd5+ 43. Kb6 d3 44. Qc1 Qd6+ 45. Ka5 d2 46. Qd1 Qc5+ 47. Rb5 Qc3+ 0-1

[Event "GER-ch U18"]
[Site "Willingen"]
[Date "2024.05.20"]
[Round "3"]
[White "Rempe, Jonas"]
[Black "Eilenberg, Jonas"]
[Result "1-0"]
[WhiteElo "2169"]
[BlackElo "2296"]
[PlyCount "95"]
[EventDate "2024.05.19"]
[EventType "swiss"]
[EventRounds "9"]
[EventCountry "GER"]
[SourceTitle "CBM 220 Extra"]
[Source "ChessBase"]
[SourceDate "2024.07.31"]
[SourceVersion "1"]
[SourceVersionDate "2024.07.31"]
[SourceQuality "1"]

1. e4 e5 2. Nf3 Nc6 3. Bb5 a6 4. Ba4 Nf6 5. d4 exd4 6. 0-0 Be7 7. Re1 0-0 8. e5 Nd5 9. Bb3 Nb6 10. Nxd4 Nxd4 11. Qxd4 d5 12. c3 Bf5 13. g4 Bg6 14. f4 c5 15. Qd1 c4 16. Bc2 Bc5+ 17. Kg2 f5 18. g5 d4 19. cxd4 Bxd4 20. Nc3 Be8 21. Be3 Bc6+ 22. Kg3 Bxe3 23. Rxe3 Qe8 24. Qd4 h6 25. h4 hxg5 26. hxg5 Qh5 27. Qd1 Qg6 28. e6 Nc8 29. Nd5 Bxd5 30. Qxd5 Ne7 31. Qxb7 Qh5 32. Bd1 Qe8 33. Bf3 Rb8 34. Qxa6 Rxb2 35. Qxc4 Qd8 36. Rd1 Qb6 37. Qd4 Qb8 38. Qd6 Qa7 39. Qa3 Qb6 40. Rd6 Qc7 41. Qxb2 Qxd6 42. Qa3 Qd2 43. Re2 Qd1 44. Qxe7 Qg1+ 45. Bg2 Rc8 46. Qa3 Qd4 47. e7 Qd3+ 48. Qxd3 1-0